Strzelcy bramek w 8 kolejce Premier League w sezonie 2020/21 - Statystyki

Ogólne statystyki
  • Ten quiz został rozwiązany 26 razy
  • Średni wynik to 14 z 24
Statystyki odpowiedzi
Mecz Piłkarz % Poprawnych
Chelsea - Sheffield Utd 4:1 Werner
88%
Crystal Palace - Leeds 2:1 Bamford
80%
Everton - Manchester United 1:1 Fernandes
80%
Everton - Manchester United 1:2 Fernandes
80%
West Brom - Tottenham 0:1 Kane
80%
Manchester City - Liverpool 0:1 Salah
80%
Leicester - Wolves 1:0 Vardy
80%
Manchester City - Liverpool 1:1 Jesus
68%
Arsenal - Aston Villa 0:2 Watkins
64%
Arsenal - Aston Villa 0:3 Watkins
64%
Everton - Manchester United 1:3 Cavani
60%
Chelsea - Sheffield Utd 2:1 Chilwell
56%
Chelsea - Sheffield Utd 3:1 Silva
56%
Chelsea - Sheffield Utd 1:1 Abraham
52%
Southampton - Newcastle 1:0 Adams
48%
Chelsea - Sheffield Utd 0:1 McGoldrick
48%
Crystal Palace - Leeds 4:1 Ayew
44%
Everton - Manchester United 1:0 Bernard
40%
Crystal Palace - Leeds 2:0 Eze
40%
Arsenal - Aston Villa 0:1 (bramka samobójcza) Saka
40%
West Ham - Fulham 1:0 Soucek
40%
Southampton - Newcastle 2:0 Armstrong
24%
Crystal Palace - Leeds 3:1 (bramka samobójcza) Costa
24%
Crystal Palace - Leeds 1:0 Dann
16%
Nie znaleziono quizów pasujących do podanych kryteriów
Rozkład punktacji
Procent ludzi z każdym wynikiem
Percentyl według liczby udzielonych odpowiedzi
Twoja historia wyników
Nie rozwiązałeś tego quizu